Datum a čas kvízu
19.5
Celkem bodů
Celkový počet nahraných bodů na tomto kvízu bez doplňovacích otázek.
4.
Pořadí na kvízu
Konečné umístění týmu na tomto kvízu.
Zaznamenané odpovědi
| # | Otázka | Odpověď | Body | Výsledky |
|---|---|---|---|---|
| 1. | Ve čtvrtek jsme se dozvěděli,... | Rohlík.cz | 1 | |
| 2. | Vláda jedné země chystá poměrn... | Austrálie | 1 | |
| 3. | Minulý týden byl zveřejněn tea... | Marty Pohl, Řezník | 0.5 | |
| 4. | Řetězec Pepco se pod tlakem zá... | C) zkušební kabiny | 0 | |
| 5. | Minulý týden se na sociálních... | Zachytil se (kopačkou) do sítě. | 0 | |
| 6. | Napište názvy dvou filmů Zacka... | 300: Bitva u Thermopyl, 300: Vzestup říše | 0.5 | |
| 7. | Přiřaďte následující herce k p... | 1C 2A 3D 4B | 1 | |
| 8. | Německý film režiséra Edwarda... | Na západní frontě klid, Erich Maria Remarque | 0.5 | |
| 9. | Film Pianista byl natočen v ro... | Adrien Brody, Roman Polański | 0 | |
| 10. | Napište název filmu, z něhož p... | Nepřítel před branami | 0 |